| 000 | 00796nam a22002177a 4500 | ||
|---|---|---|---|
| 999 |
_c6246 _d6246 |
||
| 003 | AR-CdUCM | ||
| 008 | 190314b ||||| |||| 00| 0 spa d | ||
| 040 |
_aMUNICIPALIDAD PROVINCIAL DEL CUSCO _cBIBLIOTECA MUNICIPAL DEL CUSCO |
||
| 082 |
_a869.96 / _bG91 |
||
| 100 |
_aGuillen, Nicolas _98092 |
||
| 245 | _aEl diario que a diario / | ||
| 260 |
_aLa Habana : _bMario Reguera Gómez, _c1972. |
||
| 300 |
_a87 páginas ; _bIlustraciones, _c23 cm. |
||
| 500 | _aDonación familia Nieto | ||
| 505 | _aContenido: Epístola -- Hermes hermético -- Oh, tiempos iniciales -- Esclavos europeos -- La aldea es ya ciudad -- Interludio -- Sobre contrabando -- Paréntesis... | ||
| 650 |
_aCuba _91821 |
||
| 650 |
_aFrancia _91444 |
||
| 650 |
_aPoesía cubana _9669 |
||
| 942 |
_2ddc _cLIBROS |
||
| 945 | _adavv | ||